000 00631nam a22001937a 4500
005 20100811111632.0
010 _aENG-99526
020 _a9788184981131
_c250.00
035 _aEN-83058
037 _bDBAD/PUB
082 _aN
100 _aShukla, Vikrant
_910626
245 _aCall centre :
_ban inside story /
_cby Vikrant Shukla
260 _aPune
_bMehta Publishing House
_c2010
270 _a1941 Sadashiv Peth, Madiwale Colony
_bPune
_e411030
300 _a299p.
_c21cm (pbk)
942 _2ddc
_cEN
_hN
_mSHU
999 _c40862
_d40862